000 00677nam a22001937a 4500
003 OSt
005 20230629151634.0
008 121101t xxu||||| |||| 00| 0 eng d
024 _aGPC/A744/4,920/9/79
040 _cLC
050 _aKRX13.L49
110 _bParliament of Ghana
_91939
245 _aLegal profession Act, 1960 (Act 32). /
_cParliament of Ghana
246 _aAct 32
260 _aAccra :
_bGhana Publishing Company,
_c2061.
300 _a(Pamphlet) :
505 _aContents: Organisation of the profession -- Legal education --Discipline -- Employment of lawyers -- Recovery of fees -- Preparation of legal documents by unauthorised persons
942 _2lcc
_cBK
999 _c9861
_d17361